ARCGIS 9 (Record no. 9240)
[ view plain ]
| 000 -LEADER | |
|---|---|
| fixed length control field | 00219nam a22001217a 4500 |
| 040 ## - CATALOGING SOURCE | |
| Transcribing agency | SK |
| 082 ## - DEWEY DECIMAL CLASSIFICATION NUMBER | |
| Classification number | 421 |
| 100 ## - MAIN ENTRY--AUTHOR NAME | |
| Personal name | NEANG CHANSENG |
| 245 ## - TITLE STATEMENT | |
| Title | ARCGIS 9 |
| 260 ## - PUBLICATION, DISTRIBUTION, ETC. (IMPRINT) | |
| Place of publication | USA |
| Name of publisher | NEA |
| Year of publication | 2006 |
| 300 ## - PHYSICAL DESCRIPTION | |
| Number of Pages | 56p. |
| 942 ## - ADDED ENTRY ELEMENTS (KOHA) | |
| Koha item type | សៀវភៅភាសាអង់គ្លេស |
| 952 ## - LOCATION AND ITEM INFORMATION (KOHA) | |
| Withdrawn status [LOCAL, KOHA] | 0 |
| 952 ## - LOCATION AND ITEM INFORMATION (KOHA) | |
| Withdrawn status [LOCAL, KOHA] | 0 |
| 952 ## - LOCATION AND ITEM INFORMATION (KOHA) | |
| Withdrawn status [LOCAL, KOHA] | 0 |
| Permanent Location | Date acquired | Koha item type | Lost status | Shelving location | Barcode | Current Location | Full call number |
|---|---|---|---|---|---|---|---|
| Library Block C | 2016-08-29 | សៀវភៅភាសាអង់គ្លេស | C185 | RUA41625 | Library Block C | 421 NEA 2006 C158 Or.1 | |
| Library Block C | 2016-08-29 | សៀវភៅភាសាអង់គ្លេស | C185 | RUA41633 | Library Block C | 421 NEA 2006 C185 Or.2 | |
| Library Block C | 2016-08-29 | សៀវភៅភាសាអង់គ្លេស | C185 | RUA41700 | Library Block C | 421 NEA 2006 C185 Or.3 |